Curso medio de economía (Registro nro. 5504)
[ vista simple ]
| 000 -LEADER | |
|---|---|
| fixed length control field | 01853 a2200229 4500 |
| 001 - CONTROL NUMBER | |
| control field | 54342 |
| 005 - DATE AND TIME OF LATEST TRANSACTION | |
| control field | 20260407155815.0 |
| 008 - FIXED-LENGTH DATA ELEMENTS--GENERAL INFORMATION | |
| fixed length control field | 260407a1973 arg spa d |
| 003 - CONTROL NUMBER IDENTIFIER | |
| control field | AR-UNSa-BCEJYS |
| 040 ## - CATALOGING SOURCE | |
| Original cataloging agency | AR-UNSa-BCEJYS |
| Language of cataloging | spa |
| Transcribing agency | AR-UNSa-BCEJYS |
| 080 ## - UNIVERSAL DECIMAL CLASSIFICATION NUMBER | |
| Universal Decimal Classification number | 330 |
| Common auxiliary subdivision | Economía en general |
| 020 ## - INTERNATIONAL STANDARD BOOK NUMBER | |
| International Standard Book Number | 84-344-1967-X |
| 041 ## - LANGUAGE CODE | |
| Language code of text/sound track or separate title | spa |
| 100 1# - MAIN ENTRY--PERSONAL NAME | |
| Personal name | Harvey, Jack |
| 245 10 - TITLE STATEMENT | |
| Title | Curso medio de economía |
| 250 ## - EDITION STATEMENT | |
| Edition statement | 2a. ed. |
| 264 #1 - PRODUCTION, PUBLICATION, DISTRIBUTION, MANUFACTURE, AND COPYRIGHT NOTICE | |
| Place of production, publication, distribution, manufacture | Barcelona : |
| Name of producer, publisher, distributor, manufacturer | Ariel |
| Date of production, publication, distribution, manufacture, or copyright notice | 1973 |
| 300 ## - PHYSICAL DESCRIPTION | |
| Extent | xii, 546 p. |
| Dimensions | 21 cm. |
| 505 ## - FORMATTED CONTENTS NOTE | |
| Formatted contents note | Parte 1: Introducción - I. Objeto de la economía - Parte 2: El mecanismo de los precios - II. Los precios en el mercado libre - Parte 3: La demanda - III. Ampliaciones sobre la demanda - Parte 4: La oferta - IV. La oferta: Reunión de los factores de producción - V. La oferta: Decisión en torno del output más rentable - VI. La curva de oferta de la industria - Parte 5: Remuneración de los factores de producción - VII. Determinación del precio de los factores - VIII. Trabajo y salarios - IX. Capital e intereses - X. Tierra y renta - XI. Función empresarial y beneficio - Parte 6: El dinero,los bancos y las finanzas públicas - XII. El dinero y el tipo de interés - XIII. Bancos comerciales - XIV. El banco de Inglaterra - XV. Finanzas públicas - Parte 7: La renta nacional - XVI. La renta nacional - Parte 8: El pleno empleo - XVII. Naturaleza y causas del desempleo - XVIII. El empleo y la movilidad del trabajo - XIX. Fluctuaciones cíclicas de la renta y del empleo - Parte 9: El comercio internacional - XX. Naturaleza del comercio internacional - XXI. La balanza de pagos - XXII. Los tipos de cambio - XXIII. Corrección de los desequilibrios de la balanza de pagos - Parte 10: Problemas económicos corrientes - XXIV. Problemas económicos corrientes |
| 590 ## - LOCAL NOTE (RLIN) | |
| Local note | niveau_biblio:m niveau_hierar:0 |
| 942 ## - ADDED ENTRY ELEMENTS (KOHA) | |
| Koha item type | |
| Withdrawn status | Lost status | Damaged status | Not for loan | Home library | Current library | Shelving location | Date acquired | Total checkouts | Full call number | Barcode | Date last seen | Price effective from | Koha item type |
|---|---|---|---|---|---|---|---|---|---|---|---|---|---|
| Biblioteca Prof. Eusebio Cleto del Rey | Biblioteca Prof. Eusebio Cleto del Rey | 07/04/2026 | 330 H339 2ed. | L39350 | 07/04/2026 | 07/04/2026 | Libro |